Coaches that played in the NBA - Statistics

General Stats
  • This quiz has been taken 18 times
    16 since last reset
  • The average score is 12 of 23
Answer Stats
Coached For Years Answer % Correct
CHI, LAL 1989-2011 Phil Jackson
100%
IND 1997-2000 Larry Bird
93%
BKN, MIL, LAL, DAL 2013-Present Jason Kidd
86%
BOS 1966-1969 Bill Russell
79%
ORL, BOS, LAC, PHI 1999-Present Doc Rivers
79%
LAL, NYK, MIA 1981-2008 Pat Riley
79%
GSW 2014-Present Steve Kerr
79%
GSW, SEA, SAC 1986-2016 George Karl
71%
BKN 2020-2022 Steve Nash
71%
UTA 1985-2011 Jerry Sloan
64%
LAL 1976-1979 Jerry West
64%
DAL, IND 2008-Present Rick Carlisle
64%
LAC, CLE, LAC 2016-Present Tyronn Lue
64%
OKC, CHI 2015-Present Billy Donovan
43%
CLE, ATL, TOR, NYK 1986-2005 Lenny Wilkens
43%
TOR, IND, NYK 1994-2008 Isiah Thomas
36%
UTA, PHO, NYK 2011-2018 Jeff Hornacek
29%
GSW, SAC, CLE 2014-Present Luke Walton
29%
OKC, WAS 2008-2021 Scott Brooks
29%
BOS 1969-1978 Tom Heinsohn
21%
ATL, IND, SEA 2000-2012 Nate McMillan
14%
CHI 2015-2018 Fred Hoiberg
7%
PHO 2014-2017 Earl Watson
0%
No matching quizzes found
Score Distribution
Percent of People with Each Score
Percentile by Number Answered
Your Score History
You have not taken this quiz since the last reset